000 01749cam a22004097a 4500
999 _c529735
_d529735
001 12299160
003 NUST
005 20191002124718.0
008 010205s2000 dcua bt 000 0 eng d
010 _a 00133680
020 _a0309068673
035 _a(OCoLC)ocm44999305
038 _aMSOHAIL
040 _aCBT
_cCBT
_dDAY
_dDLC
042 _alccopycat
043 _an-us---
050 0 0 _aTE215
_b.C478 2000
082 0 0 _a625.7340288
_221
100 1 _aChristopher, Barry R.
_q(Barry Rodney),
_d1949-
_922177
245 1 0 _aMaintenance of highway edgedrains /
_cBarry R. Christopher.
246 3 _aMaintenance of highway edge drains
260 _aWashington, D.C. :
_bNational Academy Press,
_c2000.
300 _a62 p. :
_bill. ;
_c28 cm.
440 0 _aSynthesis of highway practice,
_x0547-5570 ;
_v285
_922396
500 _aAt head of title: National Cooperative Highway Research Program.
500 _a"Transportation Research Board, National Research Council."
500 _a"Research sponsored by the American Association of State Highway and Transportation Officials in cooperation with the Federal Highway Administration."
504 _aIncludes bibliographical references (p. 35-36).
650 0 _aRoad drainage
_zUnited States.
_922397
650 0 _aPavements
_zUnited States
_xMaintenance and repair.
_920808
710 2 _aNational Cooperative Highway Research Program.
_920864
710 2 _aNational Research Council (U.S.).
_bTransportation Research Board.
_922398
710 2 _aAmerican Association of State Highway and Transportation Officials.
_919553
906 _a7
_bcbc
_ccopycat
_d2
_encip
_f20
_gy-gencatlg
942 _2ddc
_cBK